1154 1851 1993 1075 1863 1240 1033 1635 1296 1912 1530 1119 1369 1354 1242 1513 1005 1707 1747 1513 1374 1842 1708 1875 1678 1967 1859 1301 1814 1179 1862 1452 1056 1865 1942 1414 1130 1724 1732 1843 1384 1616 1894 1471 1574 1764 1342 1302 1375 1203 1545 1633 1872 1514 1956 1012 1164 1584 1546 1766 1704 1555 1746 1445 1023 1437 1264 1243 1427 1740 1112 1724 1380 1335 1362 1046 1631 1111 1457 1497 1205 1049 1004 1606 1049 1815 1097 1439 1846 1404 1876 1273 1051 1884 1942 1990 1314 1617 1330 BCNSPRNW ULIB Ver.6.0+V

เปลี่ยนเป็นภาษาไทย

Change to English
 แสดงรายละเอียดบรรณานุกรม
  กลับหน้าหลัก

Brief Record : Get Marc (ISO 2709) : E-mail record : QR code < ปิดหน้าต่าง
LEADER : 00000nam 2200000uu 4500
001    13399127039
003     ULIB
008    020711s2561 th a 000 0 tha d
020    ^a9786162279850
060    ^aWS103^bต-ล
100    ^aตุ๊บปอง
245    ^aลูกลิงสวัสดี ชุดลูกลิงเรียนรู้
250    ^aพิมพ์ครั้งที่ 1
260    ^aกรุงเทพฯ :^bบริษัท แปลน ฟอร์ คิดส์ จำกัด,^c2561
300    ^a15 หน้า;^b21 ซม.
650    ^aเด็ก^xการเรียนการสอน
945    ^p115^l0^i006227
999    ^aประนอม เกษจรัล
รายการนี้ยังไม่มีแท็ก
คุณยังไม่ได้ล็อกอิน คุณสามารถมีกิจกรรมร่วมกับเว็บไซต์ได้ แต่ต้องล็อกอินก่อน ::
  ล็อกอิน

รายการสื่อสารสนเทศ

ลำดับที่ ประเภท เลขเรียก/บาร์โค้ด สถานที่ สถานะ
1. วิทยาศาสตร์การแพทย์ และสุขภาพ
วิทยาศาสตร์การแพทย์ และสุขภาพ
WS103 ต-ล ฉ.1 
  Barcode: 006227
ห้องสมุดวิทยาเขตสวรรค์ประชารักษ์
►หนังสือทั่วไป
บนชั้น

รายการใกล้เคียง
    ผู้แต่ง [ตุ๊บปอง]

BibComment


ยังไม่เคยถูกคอมเมนท์

คอมเมนท์ทรัพยากรรายการนี้
  คอมเมนท์: ลูกลิงสวัสดี ชุด..


 Copyright 2026. Bcnsprnw @Library